LEADER 01423nam0-2200421---450- 001 990000321540203316 005 20090907150904.0 010 $a88-203-2815-1 035 $a0032154 035 $aUSA010032154 035 $a(ALEPH)000032154USA01 035 $a0032154 100 $a20010110d2000----y0itay01 ba 101 $aita 102 $aIT 105 $a00||| 200 1 $aCodice di procedura penale$econ le norme di attuazione e regolamentari, appendice di leggi usuali, indici sommario, cronologico e analitico-alfabetico$fL. Franchi, V. Feroci, S. Ferrari 210 $aMilano$cU. Hoepli$d2000 215 $aXXXIII, 512, 21 p.$d17 cm 225 2 $aCodici e leggi d'Italia 312 $aTit. in cop.: Codice di procedura penale 2000 410 0$12001$aCodici e leggi d'Italia 605 $aCodice di procedura penale 676 $a345.450502632 710 02$aITALIA$0423419 801 0$aIT$bBNI$c19990125$gRICA 912 $a990000321540203316 951 $aXXVI.2.A 71 (CODEX 820)$b27847 G.$cXXVI.2.A 71 (CODEX)$d00069064 959 $aBK 969 $aGIU 979 $aTAMI$b40$c20010110$lUSA01$h0955 979 $aTAMI$b40$c20010110$lUSA01$h0957 979 $c20020403$lUSA01$h1640 979 $aPATRY$b90$c20040406$lUSA01$h1622 979 $aPATRY$b90$c20061017$lUSA01$h1724 979 $aRSIAV4$b90$c20090907$lUSA01$h1509 996 $aCodice di procedura penale$9200118 997 $aUNISA LEADER 03833nam 2200457I 450 001 9910511374103321 005 20210208153912.0 010 $a1-351-17797-4 010 $a1-351-17969-1 010 $a1-351-17883-0 035 $a(CKB)4100000004819332 035 $a(MiAaPQ)EBC5844228 035 $a(OCoLC)1035762712 035 $a(EXLCZ)994100000004819332 100 $a20180611h20182009 uy 0 101 0 $aeng 135 $aurcnu|||||||| 181 $ctxt$2rdacontent 182 $cc$2rdamedia 183 $acr$2rdacarrier 200 00$aGreen community /$fedited by Susan Piedmont-Palladino and Timothy Mennel 210 1$aBoca Raton, FL :$cRoutledge, an imprint of Taylor and Francis,$d[2018]. 210 4$dİ2009. 215 $a1 online resource (193 pages) $cillustrations (some color), maps 300 $aIncludes index. 311 $a0-367-33015-6 311 $a1-932364-74-9 327 $tpart The Green Community in Context -- $tchapter The Sustainable City: A Mythical Beast? /$rPeter Hall -- $tpart Density and Transportation -- $tchapter Round, Round, Get Around: Reducing Transportation Burdens in the Green Community /$rF. Kaid Benfield -- $tchapter Introduction to Connectivity /$rFred Hansen -- $tchapter Creating the Planning and Infrastructure Framework for Mixed Use Mixed Income Transit-Oriented and Urban-Infill Development /$rJonathan Rose -- $tchapter Sustainable Megapolitan: How Large-Scale Urban Development Can Help Green America /$rRobert E. Lang -- $tpart Conservation and Preservation -- $tchapter Green Communities and the Redefining of Community Wealth /$rTimothy Beatley -- $tchapter Finding Common Ground: Historic Preservation and Green Building /$rRichard Moe -- $tchapter Managing Development to Create Sustainable Communities /$rDouglas R. Porter -- $tpart Energy and Resources -- $tchapter Energy and Communities /$rWilliam Browning -- $tchapter The Spillover Effects of Growing Crops for Biofuels /$rScott ?. Malcolm -- $tchapter Green Infrastructure for Blue Urban Watersheds /$rMary Rickel Pelletier -- $tchapter Local Sustainable Energy Sources /$rErica Heller -- $tpart Local Health and Global Health -- $tchapter Healthy Communities, Green Communities /$rHoward Frumkin -- $tchapter Climate Change and Public Health /$rJames A. Lagro -- $tchapter Toward Sitopia /$rCarolyn Steel -- $tchapter The Impact of the Built Environment on Health ? The Brain's Stress Response and the Brain-Immune Connection: Implications for Health Care and Urban Design /$rEsther M. Sternberg -- $tpart Conclusion -- $tchapter Conclusion /$rEarl Blumenauer. 330 3 $aThe health of our planet and ourselves depends on how we plan, design, and construct the world between our buildings. Our increasing dependence on fossil fuels over the last century has given us unprecedented individual mobility and comfort, but the consequences are clear. Climate change, sprawl, and reliance on foreign oil are just a few of the challenges we face in designing new-and adapting existing-communities to be greener. Based on the National Building Museum's Green Community exhibition, this book is a collection of thought-provoking essays that illuminate the connections among personal health, community health, and our planet's health. Green Community brings together diverse experts, each of whom has a unique approach to sustainable planning, design, politics, and construction. 606 $aCity planning$xEnvironmental aspects$zUnited States 608 $aElectronic books. 615 0$aCity planning$xEnvironmental aspects 676 $a307.12160973 702 $aMennel$b Timothy 702 $aPiedmont-Palladino$b Susan 801 0$bFlBoTFG 801 1$bFlBoTFG 906 $aBOOK 912 $a9910511374103321 996 $aGreen community$92548992 997 $aUNINA